ELECTROTHERAPY EXPLAINED: PRINCIPLES & PRACTICE (Record no. 4246)

MARC details
000 -LEADER
fixed length control field 00366nam a2200145Ia 4500
008 - FIXED-LENGTH DATA ELEMENTS--GENERAL INFORMATION
fixed length control field 150201s2009 xx 000 0 und d
082 ## - DEWEY DECIMAL CLASSIFICATION NUMBER
Classification number 615.845
Item number E2009R
100 ## - MAIN ENTRY--PERSONAL NAME
Personal name ROBERTSON,VAL
245 ## - TITLE STATEMENT
Title ELECTROTHERAPY EXPLAINED: PRINCIPLES & PRACTICE
250 ## - EDITION STATEMENT
Edition statement 4TH
260 ## - PUBLICATION, DISTRIBUTION, ETC. (IMPRINT)
Name of publisher, distributor, etc. ELSEVIER
Place of publication, distribution, etc. DELHI
Date of publication, distribution, etc. 2009
300 ## - PHYSICAL DESCRIPTION
Extent 1-554
650 ## - SUBJECT ADDED ENTRY--TOPICAL TERM
Topical term or geographic name as entry element PHYSIOTHERAPY
942 ## - ADDED ENTRY ELEMENTS (KOHA)
Source of classification or shelving scheme Dewey Decimal Classification
Koha item type Books
Holdings
Withdrawn status Lost status Source of classification or shelving scheme Damaged status Not for loan Home library Current library Date acquired Source of acquisition Cost, normal purchase price Serial Enumeration / chronology SGTU Bill Number Total Checkouts Full call number Barcode Date last seen Bill Date Koha item type
    Dewey Decimal Classification     SGT Dental Library SGT Dental Library 06/05/2009 U.B.S.DELHI 650.00 1 SGTU 99   615.845 E2009R FD5744 09/02/2015 16/02/2013 Books
    Dewey Decimal Classification     SGT Dental Library SGT Dental Library 06/05/2009 U.B.S.DELHI 650.00 1 SGTU 99   615.845 E2009R FD5745 09/02/2015 16/02/2013 Books
    Dewey Decimal Classification     SGT Dental Library SGT Dental Library 06/05/2009 U.B.S.DELHI 650.00 1 SGTU 99   615.845 E2009R FD5746 09/02/2015 16/02/2013 Books
    Dewey Decimal Classification     SGT Dental Library SGT Dental Library 06/05/2009 U.B.S.DELHI 650.00 1 SGTU 99   615.845 E2009R FD5747 09/02/2015 16/02/2013 Books
    Dewey Decimal Classification     SGT Dental Library SGT Dental Library 06/05/2009 U.B.S.DELHI 650.00 1 SGTU 99   615.845 E2009R FD5748 09/02/2015 16/02/2013 Books